| 000 | 00609nam a22001937a 4500 | ||
|---|---|---|---|
| 999 |
_c20116 _d20116 |
||
| 003 | AR-CdUCM | ||
| 008 | 190527b ||||| |||| 00| 0 spa d | ||
| 020 | _a84-207-4148-6 | ||
| 040 |
_aMUNICIPALIDAD PROVINCIAL DEL CUSCO _cBIBLIOTECA MUNICIPAL DEL CUSCO |
||
| 082 |
_22ed _a463 / _bD545 |
||
| 245 | _aDiccionario Anaya de la lengua / | ||
| 260 |
_aMadrid : _bAnaya, _c1980. |
||
| 300 |
_a730 páginas ; _bIlustracions, _c27 cm. |
||
| 505 | _aContenido: Diccionario Lengua española. | ||
| 650 |
_aLengua española _91124 |
||
| 650 |
_aDiccionario _95196 |
||
| 942 |
_2ddc _cLIBROS |
||
| 945 |
_adavv _d2019-05-27 |
||